书目信息 |
| 书名: | Behind the Shades | |
| 作者: | Duncan Fletcher | |
| 分册号: | ||
| 分册名: | 出版地: | LONDON |
|
| 出版社: | Pocket Books | |
| 出版时间: | 2007 | |
| 页数: | 378P | |
| 开本: | 22CM | |
| 丛书名: | ||
| 中图分类号: | ||
| 科图分类号: | ||
| 其他分类号: | C912.8 | |
| 主题词: | ||
| 电子资源: | ||
| 000 | 00386nam0 2200145 450 | |
| 001 | 202012003542 | |
| 005 | 20121206085208.0 | |
| 008 | 12120601s | |
| 020 | @a9781416511021@c$7.99 | |
| 099 | @dC912.8@eD9115 | |
| 245 | 10 | @aBehind the Shades@c Duncan Fletcher |
| 260 | 0 | @aLONDON@b Pocket Books @c2007 |
| 300 | @a378P@c22CM | |
| 905 | @b15147-8 | |
| 905 | @aTSG@dC912.8@eD9115 | |
| Behind the Shades / Duncan Fletcher.-LONDON : Pocket Books , 2007 |
| 378P ; 22CM |
| ISBN 9781416511021$7.99 |
| ● |
| 相关链接 |
|
|
|
正题名:Behind the Shades
索取号:C912.8/D9115
 
预约/预借
| 序号 | 登录号 | 条形码 | 馆藏地/架位号 | 状态 | 备注 |
| 1 | 15147 | 300151476 | 社科库509/509社科库 131排1列1层/ [索取号:C912.8/D9115] | 在馆 | |
| 2 | 15148 | 300151485 | 社科库509/509社科库 131排1列1层/ [索取号:C912.8/D9115] | 在馆 |